Java (Record no. 6760)

MARC details
000 -LEADER
fixed length control field 00828 a2200229 4500
005 - DATE AND TIME OF LATEST TRANSACTION
control field 20080908120720.0
008 - FIXED-LENGTH DATA ELEMENTS--GENERAL INFORMATION
fixed length control field 080908t xxu||||| |||| 00| 0 eng d
010 ## - LIBRARY OF CONGRESS CONTROL NUMBER
LC control number ENG-87614
020 ## - INTERNATIONAL STANDARD BOOK NUMBER
Terms of availability 525.00
International Standard Book Number 0070659680
035 ## - SYSTEM CONTROL NUMBER
System control number EN-71147
037 ## - SOURCE OF ACQUISITION
Source of stock number/acquisition D.B.Act / Pub
082 ## - DEWEY DECIMAL CLASSIFICATION NUMBER
Classification number 005.133
100 ## - MAIN ENTRY--PERSONAL NAME
Personal name Schildt, Herbert
245 ## - TITLE STATEMENT
Title Java
Statement of responsibility, etc by Herbert Schildt
Remainder of title a beginner's guide
250 ## - EDITION STATEMENT
Edition statement 4th ed
260 ## - PUBLICATION, DISTRIBUTION, ETC. (IMPRINT)
Place of publication, distribution, etc New Delhi
Name of publisher, distributor, etc Tata McGraw-Hill Publishing
Date of publication, distribution, etc 2007
270 ## - ADDRESS
Address 7, West Patel Nagar
City New Delhi
Postal code 110008
300 ## - PHYSICAL DESCRIPTION
Extent xxiii, 681 p.
Dimensions 24 cm. (Pbk)
500 ## - GENERAL NOTE
General note Includes index
942 ## - ADDED ENTRY ELEMENTS (KOHA)
Institution code [OBSOLETE] dpl
Koha item type English Books
Call number prefix 005.133 / SCH
Source of classification or shelving scheme Dewey Decimal Classification
Classification part 005.133
Call number suffix SCH
Holdings
Withdrawn status Lost status Damaged status Not for loan Collection code Home library Current library Date acquired Cost, normal purchase price Total Checkouts Full call number Barcode Date last seen Copy number Uniform Resource Identifier Cost, replacement price Price effective from Koha item type
      Not For Loan Non-fiction D.B.Act.Division D.B.Act.Division 08/09/2008 525.00   005.133 SCH EN-71147 15/09/2008 1 7262 525.00 15/09/2008 English Books

© Delhi Public Library
Hit Counter
free hit counter